000 00866cam a2200289 a 4500
001 3805814
003 OSt
005 20170215193247.0
008 850820s1986 enka b 001 0 eng
010 _a 85021270
020 _a0521322340
020 _a0521311179
040 _aDLC
_cDLC
_dDLC
050 0 0 _aQD262
_b.C33 1986
082 0 0 _a547.2
_219
_bCAR 1987
100 1 _aCarruthers, W.
_93655
245 1 0 _aSome Modern Methods of Organic Synthesis
250 _a3rd ed.
260 _bCambridge University Press,
_c1986.
300 _axii, 526 p. :
_bill. ;
_c24 cm.
504 _aBibliography, & Index included
650 0 _aOrganic chemistry
_9814
650 0 _aOrganic synthesis
_94090
856 4 1 _3Table of contents
_uhttp://www.loc.gov/catdir/toc/cam028/85021270.html
906 _a7
_bcbc
_corignew
_d1
_eocip
_f19
_gy-gencatlg
942 _2ddc
_cSLOAN
999 _c1381
_d1381